UBT Library

The hidden agenda : (Record no. 39255)

000 -LEADER
fixed length control field 00594pam a2200217 a 4500
001 - CONTROL NUMBER
control field 3750505
005 - DATE AND TIME OF LATEST TRANSACTION
control field 20171221034100.0
008 - FIXED-LENGTH DATA ELEMENTS--GENERAL INFORMATION
fixed length control field 820521s1982 nyu b 001 0 eng
010 ## - LIBRARY OF CONGRESS CONTROL NUMBER
LC control number 82008500
020 ## - INTERNATIONAL STANDARD BOOK NUMBER
International Standard Book Number 047186529X :
Terms of availability $16.95
040 ## - CATALOGING SOURCE
Original cataloging agency DLC
Transcribing agency DLC
Modifying agency DLC
041 ## - LANGUAGE CODE
Language code of text/sound track or separate title eng
080 ## - UNIVERSAL DECIMAL CLASSIFICATION NUMBER
Universal Decimal Classification number 658.409 ELF
082 00 - DEWEY DECIMAL CLASSIFICATION NUMBER
Classification number 658.409 ELF
Edition number 19
100 1# - Rafti
Rafti 53
101 ## - Shkurtesa
Shkurtesa MEN
245 14 - TITLE STATEMENT
Title The hidden agenda :
Statement of responsibility, etc Priscilla Elfrey.
504 ## - BIBLIOGRAPHY, ETC. NOTE
Bibliography, etc Bibliography: p. 197-199.
906 ## - LOCAL DATA ELEMENT F, LDF (RLIN)
a 7
b cbc
c orignew
d 1
e ocip
f 19
g y-gencatlg
942 ## - ADDED ENTRY ELEMENTS (KOHA)
Source of classification or shelving scheme
Item type Books
Holdings
Withdrawn status Lost status Source of classification or shelving scheme Damaged status Not for loan Collection code Permanent location Current location Shelving location Date acquired Total Checkouts Full call number Barcode Date last seen Price effective from Koha item type
          Koleksioni i përgjithshem UBT - Lipjan UBT - Lipjan Koleksioni i përgjithshem 12/21/2017   658.409 ELF 002-29527 12/21/2017 12/21/2017 Books
UBT Library © 2015-2024. All rights reserved University Education for Business and Technology